The Canterbury tales : (Record no. 173361)

000 -LEADER
fixed length control field 00767nam a22002417a 4500
003 - CONTROL NUMBER IDENTIFIER
control field Nust
005 - DATE AND TIME OF LATEST TRANSACTION
control field 20180719091602.0
008 - FIXED-LENGTH DATA ELEMENTS--GENERAL INFORMATION
fixed length control field 170123b xxu||||| |||| 00| 0 eng d
020 ## - INTERNATIONAL STANDARD BOOK NUMBER
International Standard Book Number 184022536X
Terms of availability Rs. 400
038 ## - RECORD CONTENT LICENSOR
Staff Name Arshad
040 ## - CATALOGING SOURCE
Original cataloging agency NUST - Fiction
041 ## - LANGUAGE CODE
Language code of original English
082 ## - DEWEY DECIMAL CLASSIFICATION NUMBER
Classification number 821.1
Author Mark CHA
100 ## - MAIN ENTRY--PERSONAL NAME
Personal name Chaucer, Geoffrey
9 (RLIN) 11854
245 ## - TITLE STATEMENT
Title The Canterbury tales :
Remainder of title edited by [Dr. Lesley A. Coote] with introduction, bibliographies, footnotes and on page glossaries /
Statement of responsibility, etc. Geoffrey Chauser
260 ## - PUBLICATION, DISTRIBUTION, ETC.
Place of publication, distribution, etc. London:
Name of publisher, distributor, etc. Wordsworth,
Date of publication, distribution, etc. 2002.
300 ## - PHYSICAL DESCRIPTION
Extent xviii,706 p.
504 ## - BIBLIOGRAPHY, ETC. NOTE
Bibliography, etc. note Include bibliographies
650 ## - SUBJECT ADDED ENTRY--TOPICAL TERM
Topical term or geographic name entry element Tales, Medieval
9 (RLIN) 11855
650 ## - SUBJECT ADDED ENTRY--TOPICAL TERM
Topical term or geographic name entry element Storytelling
9 (RLIN) 11856
650 ## - SUBJECT ADDED ENTRY--TOPICAL TERM
Topical term or geographic name entry element Christian pilgrims and pilgrimages
9 (RLIN) 11857
942 ## - ADDED ENTRY ELEMENTS (KOHA)
Source of classification or shelving scheme
Koha item type Book
Holdings
Withdrawn status Lost status Source of classification or shelving scheme Damaged status Not for loan Collection code Permanent Location Current Location Shelving location Date acquired Total Checkouts Full call number Barcode Date last seen Date last checked out Copy number Price effective from Koha item type
            Central Library (CL) Central Library (CL) Fiction 01/23/2017 2 821.1 CHA CL1109 05/02/2025 03/30/2021 1 01/23/2017 Book
© 2023 Central Library, National University of Sciences and Technology. All Rights Reserved.